All Songs from Eminem's Album Kamikaze - Statistics

General Stats
  • This quiz has been taken 93 times
  • The average score is 11 of 13
Answer Stats
Hint Answer % Correct
9. Kamikaze
94%
13. Venom (Music From The Motion Picture)
93%
10. Fall
88%
12. Good Guy
86%
3. Lucky You
86%
1. The Ringer
85%
11. Nice Guy
83%
8. Not Alike
79%
4. Paul (Skit)
79%
2. Greatest
78%
6. Em Calls Paul (Skit)
76%
5. Normal
74%
7. Stepping Stone
71%
No matching quizzes found
Score Distribution
Percent of People with Each Score
Percentile by Number Answered
Your Score History
You have not taken this quiz